1407 1697 1509 1216 1018 1276 1218 1827 1156 1268 1428 1468 1935 1929 1603 1292 1135 1186 1917 1863 1264 1526 1751 1074 1920 1762 1284 1689 1144 1148 1457 1759 1429 1235 1348 1280 1238 1095 1158 1897 1512 1426 1888 1013 1733 1781 1603 1781 1484 1378 1115 1444 1464 1342 1709 1701 1897 1015 1242 1818 1191 1163 1136 1827 1961 1452 1863 1429 1436 1950 1009 1364 1778 1691 1408 1995 1105 1393 1103 1863 1424 1140 1211 1613 1340 1792 1213 1256 1536 1011 1454 1544 1164 1802 1157 1331 1980 1868 1041 BCNSPRNW ULIB Ver.6.0+V

เปลี่ยนเป็นภาษาไทย

Change to English
 แสดงรายละเอียดบรรณานุกรม
  กลับหน้าหลัก

Brief Record : Get Marc (ISO 2709) : E-mail record : QR code < ปิดหน้าต่าง
LEADER : 00000nam 2200000uu 4500
001    13399124281
003     ULIB
008    150217s2557||||th 000 0 tha d
020    ^a9786163614995
060 04 ^aWS350^bส271อ
100 0  ^aสมภพ เรืองตระกูล
245 10 ^aอาการทางจิตเวชและโรคทางกายในเด็กและวัยรุ่น/^cสมภพ เรืองตระกูล
250    ^aพิมพ์ครั้งที่ 1
260    กรุงเทพฯ :^bเรือนแก้วการพิมพ์,^c2557
300    ^a329 หน้า ;^c21 ซม.
490 1  ^aตำราจิตเวชสำหรับแพทย์เวชศาสตร์ครอบครัว ;^vชุดที่ 25
650  4 ^aจิตเวชศาสตร์เด็ก
650  4 ^aจิตเวชศาสตร์วัยรุ่น
945    ^p450^l0^i22840
945    ^p450^l0^i22841
999    ^aทศพร เกษรทอง
รายการนี้ยังไม่มีแท็ก
คุณยังไม่ได้ล็อกอิน คุณสามารถมีกิจกรรมร่วมกับเว็บไซต์ได้ แต่ต้องล็อกอินก่อน ::
  ล็อกอิน

รายการสื่อสารสนเทศ

ลำดับที่ ประเภท เลขเรียก/บาร์โค้ด สถานที่ สถานะ
1. วิทยาศาสตร์การแพทย์ และสุขภาพ
วิทยาศาสตร์การแพทย์ และสุขภาพ
สถานะ=หนังสือเก่า
WS350 ส271อ ฉ.1 
  Barcode: 22840
ห้องสมุดวิทยาเขตนครสวรรค์
►ส่วนจัดเก็บหนังสือเก่า นว.
บนชั้น
  ขอยืม
2. วิทยาศาสตร์การแพทย์ และสุขภาพ
วิทยาศาสตร์การแพทย์ และสุขภาพ
สถานะ=หนังสือเก่า
WS350 ส271อ ฉ.2 
  Barcode: 22841
ห้องสมุดวิทยาเขตนครสวรรค์
►ส่วนจัดเก็บหนังสือเก่า นว.
บนชั้น
  ขอยืม

รายการใกล้เคียง
    ผู้แต่ง [สมภพ เรืองตระกูล]

    หัวเรื่อง [จิตเวชศาสตร์เด็ก]
    หัวเรื่อง [จิตเวชศาสตร์วัยรุ่น]

BibComment


ยังไม่เคยถูกคอมเมนท์

คอมเมนท์ทรัพยากรรายการนี้
  คอมเมนท์: อาการทางจิตเวชแล..


 Copyright 2026. Bcnsprnw @Library